Saint Augustine and the theory of just war / (Record no. 81377)
[ view plain ]
| 000 -LEADER | |
|---|---|
| fixed length control field | 01024nam a2200301 a 4500 |
| 001 - CONTROL NUMBER | |
| control field | 81377 |
| 003 - CONTROL NUMBER IDENTIFIER | |
| rucl marc code | BD-RjUL |
| 005 - DATE AND TIME OF LATEST TRANSACTION | |
| control field | 20230514105725.0 |
| 008 - FIXED-LENGTH DATA ELEMENTS--GENERAL INFORMATION | |
| fixed length control field | 230514s2006 enk b 001 0 eng |
| 020 ## - INTERNATIONAL STANDARD BOOK NUMBER | |
| International Standard Book Number | 0826487793 (hardback) |
| International Standard Book Number | 9780826487797 (hardback) |
| 035 ## - SYSTEM CONTROL NUMBER | |
| System control number | (BD-RjUL)81377 |
| 040 ## - CATALOGING SOURCE | |
| Original cataloging agency | DLC |
| Transcribing agency | DLC |
| Modifying agency | YDX |
| -- | BAKER |
| -- | YUS |
| -- | BD-RjUL |
| Language of cataloging | eng |
| 041 ## - LANGUAGE CODE | |
| Language code of text/sound track or separate title | eng |
| 082 00 - DEWEY DECIMAL CLASSIFICATION NUMBER | |
| Edition number | 23 |
| Classification number | 172.42 |
| Author mark and year | MAS 2006 |
| 100 1# - MAIN ENTRY--PERSONAL NAME | |
| Personal name | Mattox, John Mark. |
| 9 (RLIN) | 7416 |
| 245 10 - TITLE STATEMENT | |
| Title | Saint Augustine and the theory of just war / |
| Statement of responsibility, etc. | John Mark Mattox. |
| 260 ## - PUBLICATION, DISTRIBUTION, ETC. (IMPRINT) | |
| Place of publication, distribution, etc. | London ; |
| -- | New York : |
| Name of publisher, distributor, etc. | Continuum, |
| Date of publication, distribution, etc. | 2006. |
| 300 ## - PHYSICAL DESCRIPTION | |
| Pagination | x, 196 p. ; |
| Size | 24 cm. |
| 504 ## - BIBLIOGRAPHY, ETC. NOTE | |
| Bibliography, etc | Includes bibliographical references (p. [180]-190) and index. |
| 600 00 - SUBJECT ADDED ENTRY--PERSONAL NAME | |
| Personal name | Augustine, |
| Titles and other words associated with a name | of Hippo, Saint, |
| Dates associated with a name | 354-430. |
| Personal name | Augustine, |
| Titles and other words associated with a name | of Hippo, Saint, |
| Dates associated with a name | 354-430 |
| General subdivision | Influence. |
| 650 #0 - SUBJECT ADDED ENTRY--TOPICAL TERM | |
| Topical term or geographic name as entry element | Just war doctrine. |
| 9 (RLIN) | 7420 |
| Topical term or geographic name as entry element | War |
| General subdivision | Religious aspects |
| -- | Christianity. |
| 9 (RLIN) | 7421 |
| 942 ## - ADDED ENTRY ELEMENTS (KOHA) | |
| Source of classification or shelving scheme | Dewey Decimal Classification |
| Koha item type | Books |
| Lost status | Source of classification or shelving scheme | Damaged status | Not for loan | Collection code | Permanent Location | Current Location | Shelving location | Date acquired | Source of acquisition | Cost, normal purchase price | Total Checkouts | Full call number | Date last seen | Copy number | Koha item type |
|---|---|---|---|---|---|---|---|---|---|---|---|---|---|---|---|
| Dewey Decimal Classification | Not For Loan | Non-fiction | Central Library, University of Rajshahi | Central Library, University of Rajshahi | Reading Room | 10/05/2023 | Dhaka : Book Finder | 15058.17 | 172.42 MAS 2006 | 14/05/2023 | C-1 | Books | |||
| Dewey Decimal Classification | Non-fiction | Central Library, University of Rajshahi | Central Library, University of Rajshahi | General Stacks | 10/05/2023 | Dhaka : Book Finder | 15058.17 | 172.42 MAS 2006 | 14/05/2023 | C-2 | Books |